000 00275nam a2200109Ia 4500
005 20251222144831.0
008 251222s9999||||xx |||||||||||||| ||spa||
082 _a378.055/A81
245 0 _aResumen Estadístico 2001:
264 _bAsamblea Nacional de Rectores
942 _cLIB
999 _c20870
_d20870